Managing behavior organizations

Đã lưu trong:
書目詳細資料
主要作者: JERALD GREENBERG
格式: 圖書
語言:Undetermined
出版: Upper Saddle River, New Jersey Prentice-Hall 2001
主題:
標簽: 添加標簽
沒有標簽, 成為第一個標記此記錄!
Thư viện lưu trữ: Trung tâm Học liệu Trường Đại học Cần Thơ
LEADER 00479nam a2200169Ia 4500
001 CTU_47867
008 210402s9999 xx 000 0 und d
082 |a 658.3 
082 |b G795 
100 |a JERALD GREENBERG 
245 0 |a Managing behavior organizations 
245 0 |c JERALD GREENBERG 
260 |a Upper Saddle River, New Jersey 
260 |b Prentice-Hall 
260 |c 2001 
650 |a organizational behavior 
980 |a Trung tâm Học liệu Trường Đại học Cần Thơ